Central Library OPAC University of Rajshahi

كتاب الجماهر في معرفة الجواهر / ;; Kitāb al-jamāhir fī maʻrifat al-jawāhir / (Record no. 82517)

MARC details
000 -LEADER
fixed length control field 01010cam a2200229 a 4500
001 - CONTROL NUMBER
control field 82517
003 - CONTROL NUMBER IDENTIFIER
rucl marc code BD-RjUL
005 - DATE AND TIME OF LATEST TRANSACTION
control field 20231221122947.0
008 - FIXED-LENGTH DATA ELEMENTS--GENERAL INFORMATION
fixed length control field 231221q19801984ua b 000 0 ara
035 ## - SYSTEM CONTROL NUMBER
System control number (BD-RjUL)82517
040 ## - CATALOGING SOURCE
Original cataloging agency DLC-R
Transcribing agency DLC-R
Language of cataloging eng
041 ## - LANGUAGE CODE
Language code of text/sound track or separate title ara
082 ## - DEWEY DECIMAL CLASSIFICATION NUMBER
Edition number 23
Author mark and year 1980
100 1# - MAIN ENTRY--PERSONAL NAME
Personal name بيروني، محمد بن أحمد. ;; Bīrūnī, Muḥammad ibn Aḥmad,
Dates associated with a name 973?-1048.
9 (RLIN) 10648
245 10 - TITLE STATEMENT
Title كتاب الجماهر في معرفة الجواهر / ;; Kitāb al-jamāhir fī maʻrifat al-jawāhir /
Statement of responsibility, etc. تصنيف أبي الريحان محمد بن أحمد البيروني. ;; taṣnīf Abī al-Rayḥān Muḥammad ibn Aḥmad al-Bīrūnī.
260 ## - PUBLICATION, DISTRIBUTION, ETC. (IMPRINT)
Place of publication, distribution, etc. القاهرة : al-Qāhirah :
Name of publisher, distributor, etc. مكتبة المتنبي، ;; Maktabat al-Mutanabbī,
Date of publication, distribution, etc. 1980
300 ## - PHYSICAL DESCRIPTION
Pagination 273, 51 p. ;
Size 25 cm.
504 ## - BIBLIOGRAPHY, ETC. NOTE
Bibliography, etc Includes bibliographical references.
650 #0 - SUBJECT ADDED ENTRY--TOPICAL TERM
Topical term or geographic name as entry element Precious stones
General subdivision Early works to 1800.
9 (RLIN) 10649
Topical term or geographic name as entry element Mineralogy
General subdivision Early works to 1800.
9 (RLIN) 10650
942 ## - ADDED ENTRY ELEMENTS (KOHA)
Source of classification or shelving scheme Dewey Decimal Classification
Koha item type Books
Holdings
Lost status Source of classification or shelving scheme Damaged status Not for loan Collection code Permanent Location Current Location Shelving location Date acquired Source of acquisition Cost, normal purchase price Total Checkouts Full call number Date last seen Copy number Koha item type
  Dewey Decimal Classification   Not For Loan Non-fiction Central Library, University of Rajshahi Central Library, University of Rajshahi Reading Room 16/09/1968 Zeitlinger 43.00   A 553.8 BIK 1980 21/12/2023 C-1 Books